| 000 | 00631cam a22002171 4500 | ||
|---|---|---|---|
| 001 | ne 64002414 | ||
| 003 | DLC | ||
| 005 | 20260227111805.0 | ||
| 008 | 900813s1955 le 000 0 arar | ||
| 010 | _ane 64002414 | ||
| 035 | _a(OCoLC)22213685 | ||
| 040 |
_aDLC _cWaU _dDLC |
||
| 042 | _apremarc | ||
| 050 | 0 | 0 |
_aPJ6151 _b.F8 |
| 100 | 1 |
_aFurayḥah, Anīs, _d1903- |
|
| 245 | 1 | 0 |
_aNaḥwa ʻArabīyah muyassarah _c[taʼlīf] Anīs Furayḥah. |
| 260 |
_aBayrūt, _bDār al-Thaqāfah _c[tārīkh al-muqaddimah: 1955] |
||
| 300 |
_a224 p. _c22 cm. |
||
| 650 | 0 |
_aArabic language _xSyntax. |
|
| 650 | 0 |
_aArabic language _xDialects. |
|
| 999 |
_c47434 _d47434 |
||